000 00579nam a22001937a 4500
999 _c160460
_d160460
005 20190130151300.0
010 _aENG-124669
020 _a9789387429031
_c350.00
035 _aEN-108201
037 _bDBAD/PUB
082 _a863.04
100 _aSen, Dinesh Chandra
245 _aBengali prose style 1800-1857/
_cby Dinesh Chandra Sen ; edited by Nabendu Sen
260 _aKolkata
_bSahityaloke
_c2018
270 _a57 A, Karbala Tank Lane,
_bKolkata
_e700006
300 _a131p.
_c22cm (Hb)
700 _aSen, Nabendu
942 _2ddc
_cEN
_mSEN
_h863.04